Engineering Materials and their applications (Record no. 165987)

MARC details
000 -LEADER
fixed length control field 00506nam a2200205Ia 4500
008 - FIXED-LENGTH DATA ELEMENTS--GENERAL INFORMATION
fixed length control field 240823s9999||||xx |||||||||||||| ||und||
020 ## - INTERNATIONAL STANDARD BOOK NUMBER
International Standard Book Number 81-7224-677-3
082 ## - DEWEY DECIMAL CLASSIFICATION NUMBER
-- "620,11 N9"
100 ## - MAIN ENTRY--PERSONAL NAME
Personal name Flinn R A
245 #0 - TITLE STATEMENT
Title Engineering Materials and their applications
250 ## - EDITION STATEMENT
Edition statement 4th
260 ## - PUBLICATION, DISTRIBUTION, ETC. (IMPRINT)
Date of publication, distribution, etc 1990
Name of publisher, distributor, etc "Jaico,Mumbai"
500 ## - GENERAL NOTE
General note LOST
650 ## - SUBJECT ADDED ENTRY--TOPICAL TERM
Topical term or geographic name as entry element Materials
700 ## - ADDED ENTRY--PERSONAL NAME
Personal name Trojan P K
942 ## - ADDED ENTRY ELEMENTS (KOHA)
Item type Books
Holdings
Withdrawn status Lost status Damaged status Permanent location Current location Shelving location Date acquired Source of acquisition Cost, normal purchase price Full call number Barcode Date last seen Koha item type
  Lost and paid for   CENTRAL LIBRARY, NOORUL ISLAM CENTRE FOR HIGHER EDUCATION CENTRAL LIBRARY, NOORUL ISLAM CENTRE FOR HIGHER EDUCATION   12/24/2003 Futura Books 395.00 "620,11 N9" 20654 08/23/2024 Books
Visitors:
Copyright © 2024 Central Library NICHE.  All rights reserved.